Empleo, comercialización y mercado internacional en la actividad bananera en América Latina

Salvato in:
Dettagli Bibliografici
Natura: testo
Pubblicazione: San José: s.e
Tags: Aggiungi Tag
Nessun Tag, puoi essere il primo ad aggiungerne!!

MARC

LEADER 00000 a a2200000 04500
001 25362
003
040
090 |a 181402  
245 |a Empleo, comercialización y mercado internacional en la actividad bananera en América Latina  
260 |a San José:   |b s.e  
300 |a 55 p.  
999 |c 9848  |d 9848